000 00911nam a22002417a 4500
005 20100806133713.0
010 _aENG-98726
020 _a9788124114780
_c795.00
035 _aEN-82258
037 _bDBAD/PUB
082 _a730.954
100 _aSingh ,N.K.
_98416
245 _aCoronation of Shiva :
_brediscovering masrur temple /
_cby N.K. Singh
260 _aNew Delhi
_bHar-anand Publications
_c2009
270 _aE-49/3, Okhla Industrial Area, Phase-11
_bNew Delhi
_e110 020
300 _a99p.:
_bill
_c28cm (Hb)
500 _aIncludes bibliographical references
650 _aHindu, India
_98417
650 _aGods , Hindu- in art HP.
_98418
650 _aTemples, Hindu-india HP.
_98419
942 _2ddc
_cEN
_h730.954
_mSIN
999 _c39756
_d39756